Statystyki dla Speedway Grand Prix uczestnicy

Kliknij tutaj aby rozwiązać quiz!

Ogólne statystyki

  • Ten quiz został rozwiązany 51 razy
  • Średni wynik to 16 z 21

Statystyki odpowiedzi

sezonnarodowośćZawodnik% Poprawnych
2021,2022,2023PolskaBartosz Zmarzlik
100%
2021,2022,2023PolskaMaciej Janowski
96%
2021,2022,2023Wielka BrytaniaTai Woffinden
92%
2021,2022,2023SzwecjaFredrik Lindgren
88%
2021,2022,2023DaniaLeon Madsen
88%
2021,2022,2023SłowacjaMartin Vaculik
88%
2022,2023PolskaPatryk Dudek
88%
2021RosjaArtiom Łaguta
86%
2021,2022,2023AustraliaJason Doyle
86%
2022,2023Wielka BrytaniaDan Bewley
84%
2022,2023AustraliaJack Holder
84%
2021SłoweniaMatej Zagar
78%
2022,2023DaniaMikkel Michelsen
78%
2021,2022,2023AustraliaMax Fricke
76%
2021,2022,2023DaniaAnders Thomsen
67%
2021,2022,2023Wielka BrytaniaRobert Lambert
67%
2023SzwecjaKim Nilsson
65%
2022PolskaPaweł Przedpełski
61%
2021RosjaEmil Sajfutdinov
49%
2021PolskaKrzysztof Kasprzak
49%
2021SzwecjaOlivier Berntzon
47%

Rozkład punktacji

Percentyl według liczby udzielonych odpowiedzi

Procent ludzi z każdym wynikiem

Twoja historia wyników

Nie rozwiązałeś tego quizu